| 000 | 00720cab a2200229 4500 | ||
|---|---|---|---|
| 001 | ABS60253 | ||
| 008 | 090401t1999 xxu||||| |||| 00| 0 eng d | ||
| 035 | _a(Sirsi) u91526 | ||
| 041 | _aeng | ||
| 100 | _aJohnston, B. | ||
| 245 | _aTransport white paper: six months on | ||
| 260 | _c1999 | ||
| 350 | _a0 | ||
| 490 |
_aPlanning (for the Natural and Built Environment) _v(1306) 19 February 1999, 10-12(3) |
||
| 520 | _aReports on progress so far of John Prescott`s White Paper on transport. Reviews the commitments outlined in the paper. Table. | ||
| 650 | _aTRANSPORT POLICY | ||
| 650 | _aWHITE PAPER | ||
| 690 | _aTRANSPORT AND COMMUNICATIONS | ||
| 700 | _aDewar, D. | ||
| 942 | _n0 | ||
| 948 | _c23/02/1999 | ||
| 999 |
_c58104 _d58104 |
||